Catálogo

HISTORIA DE LAS MATEMATICAS (Registro nro. 22029)

Detalles MARC
000 -LEADER
fixed length control field 00456nam a2200181 a 4500
001 - CONTROL NUMBER
control field 22029
005 - DATE AND TIME OF LATEST TRANSACTION
control field 20180713215854.0
008 - FIXED-LENGTH DATA ELEMENTS--GENERAL INFORMATION
fixed length control field 140415s1967 mx 000 0 spa d
041 ## - LANGUAGE CODE
Language code of text/sound track or separate title spa
082 ## - DEWEY DECIMAL CLASSIFICATION NUMBER
Classification number 510.9
Item number BOL
100 1# - MAIN ENTRY--PERSONAL NAME
Personal name BOLL, MARCEL
245 10 - TITLE STATEMENT
Title HISTORIA DE LAS MATEMATICAS
250 ## - EDITION STATEMENT
Edition statement 2a ed.
260 ## - PUBLICATION, DISTRIBUTION, ETC.
Place of publication, distribution, etc. MEXICO :
Name of publisher, distributor, etc. DIANA,
Date of publication, distribution, etc. 1967
300 ## - PHYSICAL DESCRIPTION
Extent 133
650 14 - SUBJECT ADDED ENTRY--TOPICAL TERM
Topical term or geographic name entry element MATEMATICAS
General subdivision HISTORIA
700 1# - ADDED ENTRY--PERSONAL NAME
Personal name A. DE ALBA, ADOLFO
Relator term tr.
Existencias
Withdrawn status Lost status Source of classification or shelving scheme Damaged status Not for loan Collection code Home library Current library Shelving location Date acquired Source of acquisition Inventory number Total Checkouts Full call number Barcode Date last seen Price effective from Koha item type
    Dewey Decimal Classification     General Biblioteca Karol Wojtyla Biblioteca Karol Wojtyla Sala general 03/12/2013 Compra 151000000000000000037248   510.9 BOL 42465 05/01/2026 03/12/2013 Libro